000 00797nam a2200241 4500
001 136414
003 ES-MaACL
005 20230906195125.0
007 t|
008 070214s1966 sp r ||||1| spa d
100 1 _aSachs, Nelly.
_9101250
245 1 3 _aLa pasión de Israel
_b: ; Eli ; En las moradas de la muerte ; Eclipse de la estrella /
_cNelly Sachs ; epílogo de Werner Weber ; versión de María Rosa Borrás.
250 _a1ª. ed.
260 _aBarcelona :
_bGrijalbo,
_c1966.
300 _a182 p. ;
_c20 cm.
700 1 _aWeber, Werner.
_9116268
700 1 _aBorrás, María Rosa.
_930553
740 0 _aEli.
740 0 _aEn las moradas de la muerte.
740 0 _aEclipse de la estrella.
852 _aES-MaACL
_jC-31650
_bR.61946
852 _aES-MaACL
_jC-31629
_bR.61370
999 _c136414
_d136414